| 000 | 01717cam a22003734i 4500 | ||
|---|---|---|---|
| 003 | PE-LiUPU | ||
| 005 | 20250731175619.0 | ||
| 008 | 150617s r 000 0 d | ||
| 035 | _a(Sirsi) a16737 | ||
| 040 |
_aPE-LiUPU _bspa _cPE-LiUPU _erda |
||
| 049 | _aPRUA | ||
| 082 | 0 | 4 |
_a419.2098501 _bB967l _223 |
| 100 | 1 |
_aBurns Glynn, William, _eautor. |
|
| 245 | 1 | 0 |
_aLegado de los amautas / _cWilliam Burns Glynn |
| 264 | 1 |
_aLima : _bItal Perú, _c1990. |
|
| 300 |
_a200 páginas ; _c20 centímetros. |
||
| 336 |
_atext _2rdacontent |
||
| 337 |
_aunmediated _2rdamedia |
||
| 338 |
_avolume _2rdacarrier |
||
| 504 | _aIncluye bibliografía. | ||
| 505 | 0 | _aLA ESCRITURA PERDIDA DE LOS INCAS: Estudios sobre la escritura -- Referencias de cronistas -- Los sonidos de la lengua -- La quillca y sus signos -- Verificación-- El Kipu para comunicaciones abstractas -- Conclusiones-- LA TABLA DE CALCULO DE LOS INCAS: -- Numerales del incanato --La yupana o abaco peruano -- Método de computación -- Suma -- Resta -- Multiplicación -- División -- Conclusiones -- EL KIPU 17/8826: Información -- El estudio: código de referencias -- color, hitos -- relación entre los grupos I y II -- transferencias -- Balance -- EL TIEMPO EN EL ANTIGUO PERÚ: Toquepala -- Quebrada de palo -- Guallayhuanca -- Paracas -- Unkucha o esclavina de Paracas, unidad de diseño, Elementos de diseño. | |
| 526 | _aP145 | ||
| 526 | _aP127 | ||
| 526 | _aP97 | ||
| 526 | _aP35 | ||
| 526 | _aP14 | ||
| 526 | _aP07 | ||
| 650 | 0 | 8 |
_aPictografía _zPerú _yEpoca Prehispánica |
| 650 | 0 | 8 | _aQuipus. |
| 910 | _ajck | ||
| 942 |
_2ddc _cBK _n0 |
||
| 980 |
_81 _gALBERTO SANCHEZ Responsable de Automatización |
||
| 999 |
_c16123 _d16123 |
||